Concrete Technology (Record no. 5242)

MARC details
000 -LEADER
fixed length control field 00415nam a2200157Ia 4500
003 - CONTROL NUMBER IDENTIFIER
control field SGT
020 ## - INTERNATIONAL STANDARD BOOK NUMBER
International Standard Book Number 9788121900034
082 ## - DEWEY DECIMAL CLASSIFICATION NUMBER
Classification number 620.136
Item number SHE
100 ## - MAIN ENTRY--PERSONAL NAME
Personal name Shetty,M.S
245 ## - TITLE STATEMENT
Title Concrete Technology
260 ## - PUBLICATION, DISTRIBUTION, ETC. (IMPRINT)
Name of publisher, distributor, etc S.Chand
Place of publication, distribution, etc N.Delhi
Year of Publication 2011
300 ## - PAGE DESCRIPTION
No. of Pages 624p.
650 ## - SUBJECT ADDED ENTRY--TOPICAL TERM
Topical term or geographic name as entry element CIVIL ENGINEERING
653 ## - KEYWORDS--INDEX TERM
Keyword term CEMENT,TYPES OF CEMENT AND TESTING OF CEMENT,AGGREGATES AND TESTING OF AGGREGATES,WATER,
942 ## - ADDED ENTRY ELEMENTS (KOHA)
Source of classification or shelving scheme Dewey Decimal Classification
Koha item type Books
Holdings
Withdrawn status Lost status Source of classification or shelving scheme Damaged status Not for loan Home library Current library Date acquired SGTU Total Checkouts Total Renewals Full call number Accession No. (Barcode) Date last seen Date last borrowed Bill Date Koha item type Use restrictions Shelving location
  Lost and Paid For Dewey Decimal Classification     SGT Engineering Library SGT Engineering Library 28/06/2011 SGTU 8 1 620.136 SHE FE3503 14/11/2018 20/12/2017 09/02/2015 Books    
Withdrawn   Dewey Decimal Classification     SGT Engineering Library SGT Engineering Library 28/06/2011 SGTU     620.136 SHE FE3504 09/02/2015   09/02/2015 Books    
    Dewey Decimal Classification     SGT Engineering Library SGT Engineering Library 28/06/2011 SGTU 7 2 620.136 SHE FE3505 24/01/2019 24/01/2019 09/02/2015 Books    
    Dewey Decimal Classification     SGT Engineering Library SGT Engineering Library 28/06/2011 SGTU 9 3 620.136 SHE FE3506 02/08/2021 22/07/2021 09/02/2015 Books    
    Dewey Decimal Classification   Not For Loan SGT Engineering Library SGT Engineering Library 28/06/2011 SGTU     620.136 SHE FE3507 09/02/2015   09/02/2015 Books Restricted Access Reference Book